[Event "IV Obert Internacional d'Escacs "Ciutat de Sabadel
[Site "Sabadell (Spain)"]
[Date "2011.08.10"]
[Round "1"]
[Board "1"]
[White "Iturrizaga, Eduardo"]
[Black "Vega Gutierrez, Belinda"]
[Result "1-0"]
[WhiteElo "2603"]
[BlackElo "2227"]
[PlyCount "71"]
[EventDate "2011.08.10"]
[EventRounds "9"]
[EventCountry "ESP"]

1.d4 d5 2.c4 e6 3.Nf3 Nf6 4.g3 c6 5.Bg2 Bd6 6.O-O Nbd7 7.Nc3 O-O 8.Nd2 Qe7 9.e4
dxe4 10.Ndxe4 e5 11.c5 Bc7 12.Re1 exd4 13.Bg5 Qd8 14.Qxd4 Be5 15.Qc4 Qc7 16.Rad1
h6 17.Bc1 Nxe4 18.Nxe4 b6 19.f4 Bf6 20.Rd6 bxc5 21.Nxf6+ Nxf6 22.Rxc6 Qa5 23.b4
cxb4 24.Rc5 Qb6 25.Bxa8 Ba6 26.Qc2 Rxa8 27.Be3 Re8 28.Re5 Qd8 29.Qc6 Bc8
30.Rxe8+ Nxe8 31.Bb6 Bd7 32.Bxd8 Bxc6 33.Ba5 Nd6 34.Bxb4 Nb5 35.Rd1 g5 36.a4 1-0

[Event "IV Obert Internacional d'Escacs "Ciutat de Sabadel
[Site "Sabadell (Spain)"]
[Date "2011.08.10"]
[Round "1"]
[Board "1"]
[White "Randazzo, Adrian"]
[Black "Moskalenko, Viktor"]
[Result "1-0"]
[WhiteElo "2226"]
[BlackElo "2591"]
[PlyCount "98"]
[EventDate "2011.08.10"]
[EventRounds "9"]
[EventCountry "ESP"]

1.e4 c5 2.Nf3 Nc6 3.Bb5 e6 4.Bxc6 bxc6 5.b3 Ne7 6.O-O Ng6 7.Ba3 Be7 8.d4 cxd4
9.Bxe7 Qxe7 10.Qxd4 O-O 11.c4 c5 12.Qe3 Bb7 13.Nc3 f5 14.Rad1 fxe4 15.Nxe4 Rf5
16.Nd6 Rxf3 17.gxf3 Bc6 18.Ne4 Rf8 19.Qxc5 Qxc5 20.Nxc5 Rf5 21.Ne4 Ne5 22.Ng3
Nxf3+ 23.Kg2 Ng5+ 24.f3 Rxf3 25.Kg1 Nh3+ 26.Kg2 Nf2 27.Rd6 Rxg3+ 28.Kxf2 Rg2+
29.Ke3 Rxa2 30.Rd2 Ra3 31.Rb2 a6 32.Kd4 Ra5 33.b4 Rh5 34.Ra1 Bb7 35.b5 axb5
36.cxb5 d6 37.Ra7 Bd5 38.b6 Rh4+ 39.Kc3 Rh3+ 40.Kb4 Rh4+ 41.Ka5 Rh5 42.Rb5 Rxh2
43.b7 Bxb7 44.Rbxb7 Ra2+ 45.Kb5 Rxa7 46.Rxa7 h5 47.Kc6 d5 48.Kd6 h4 49.Kxe6 h3 1-0

[Event "IV Obert Internacional d'Escacs "Ciutat de Sabadel
[Site "Sabadell (Spain)"]
[Date "2011.08.10"]
[Round "1"]
[Board "1"]
[White "Narciso Dublan, Marc"]
[Black "Campos Olaya, Israel"]
[Result "1-0"]
[WhiteElo "2544"]
[BlackElo "2166"]
[PlyCount "115"]
[EventDate "2011.08.10"]
[EventRounds "9"]
[EventCountry "ESP"]

1.d4 Nf6 2.c4 c5 3.d5 e6 4.Nc3 exd5 5.cxd5 d6 6.Nf3 g6 7.Nd2 Bg7 8.Nc4 O-O 9.Bf4
Ne8 10.g3 b6 11.a4 Ba6 12.Nb5 Nd7 13.Bg2 Bxb5 14.axb5 Ndf6 15.Bf3 a6 16.O-O axb5
17.Rxa8 Qxa8 18.Nxd6 Nc7 19.Nf5 gxf5 20.Bxc7 Ne4 21.Bxe4 fxe4 22.Bxb6 c4 23.Qd2
b4 24.Qxb4 Qxd5 25.Be3 Rd8 26.Kg2 Bf8 27.Qb6 Bg7 28.Rc1 Re8 29.Qb4 Rc8 30.Rc2
Qc6 31.h4 Qd5 32.Rd2 Qh5 33.Qb7 Qf5 34.Rd5 Qe6 35.Bd4 Bxd4 36.Rxd4 e3 37.Re4 Qc6
38.Qxc6 Rxc6 39.Rxe3 Rb6 40.Rc3 Rxb2 41.Kf3 Rb3 42.Re3 Kg7 43.Ke4 c3 44.Kd3 c2+
45.Kxc2 Rb7 46.Re5 Rd7 47.e4 Kf6 48.Rh5 Kg6 49.Rd5 Ra7 50.Kd3 Ra3+ 51.Ke2 f6
52.Rd3 Ra1 53.Ke3 Re1+ 54.Kf4 h5 55.f3 Re2 56.Rd5 Ra2 57.Rd6 Re2 58.Re6 1-0

[Event "IV Obert Internacional d'Escacs "Ciutat de Sabadel
[Site "Sabadell (Spain)"]
[Date "2011.08.10"]
[Round "1"]
[Board "1"]
[White "Delgado Ramos, Hector"]
[Black "Schmidt, Ralf"]
[Result "1-0"]
[WhiteElo "2488"]
[BlackElo "2138"]
[PlyCount "117"]
[EventDate "2011.08.10"]
[EventRounds "9"]
[EventCountry "ESP"]

1.e4 e6 2.d3 d5 3.Nd2 Nf6 4.Ngf3 c5 5.g3 Nc6 6.Bg2 Be7 7.O-O O-O 8.Re1 b5 9.e5
Nd7 10.Nf1 a5 11.h4 a4 12.a3 b4 13.N1h2 bxa3 14.bxa3 Rb8 15.Ng4 Nd4 16.Nxd4 cxd4
17.Bf4 Ba6 18.h5 Rc8 19.h6 g6 20.Bd2 Rc6 21.Ra2 Qc7 22.Bb4 Bxb4 23.axb4 Bb5
24.Qf3 Qd8 25.Qf4 Qe7 26.Qxd4 Rfc8 27.Re2 Rc4 28.dxc4 Rxc4 29.Nf6+ Qxf6 30.Qxc4
Bxc4 31.exf6 Bxa2 32.Re3 Bc4 33.Ra3 Nb6 34.f4 Kf8 35.Kf2 Ke8 36.Ke3 Kd7 37.Bf3
Bb5 38.Kd4 Kd6 39.Ra1 Nd7 40.Bd1 Nb6 41.c3 Kc6 42.Bc2 Kd6 43.g4 Kc6 44.Rb1 Nd7
45.Ra1 Nb6 46.Re1 Kd6 47.Bd3 Bxd3 48.Kxd3 Nc4 49.Kc2 Na3+ 50.Kb2 Nc4+ 51.Ka2 Kc6
52.f5 gxf5 53.gxf5 e5 54.Rg1 e4 55.Rg7 Ne5 56.Rxh7 e3 57.Rg7 e2 58.Rg1 Nf3
59.Rh1 1-0

[Event "IV Obert Internacional d'Escacs "Ciutat de Sabadel
[Site "Sabadell (Spain)"]
[Date "2011.08.10"]
[Round "1"]
[Board "1"]
[White "Ridameya Tatche, Jose Miguel"]
[Black "Jimenez Fraga, Pedro Alejandro"]
[Result "0-1"]
[WhiteElo "2072"]
[BlackElo "2464"]
[PlyCount "104"]
[EventDate "2011.08.10"]
[EventRounds "9"]
[EventCountry "ESP"]

1.e4 c5 2.Nf3 d6 3.Bb5+ Nd7 4.a4 Ngf6 5.e5 dxe5 6.Nxe5 a6 7.Bxd7+ Nxd7 8.Nxd7
Bxd7 9.O-O Bc6 10.Nc3 e6 11.d3 Qh4 12.Qe2 Bd6 13.h3 Rd8 14.Re1 h6 15.Ne4 O-O
16.Nxd6 Rxd6 17.Be3 Rd5 18.f3 a5 19.Qf2 Qe7 20.Bd2 b6 21.Qg3 Kh7 22.Re5 Qd6
23.Bf4 f6 24.Rxd5 Qxd5 25.Qf2 Rf7 26.b3 e5 27.Be3 f5 28.Qd2 Rf6 29.Qe2 Rg6
30.Rf1 Bd7 31.Bd2 Qd4+ 32.Qf2 Qb2 33.Bc1 Qc3 34.Qd2 Qd4+ 35.Qf2 Qd5 36.Qe2 Bc6
37.Be3 Rg3 38.Bf2 Rg5 39.Be3 Rg6 40.Bd2 e4 41.dxe4 fxe4 42.fxe4 Qxe4 43.Rf2 Qxc2
44.Qe3 Bd5 45.h4 Qxb3 46.h5 Qd1+ 47.Be1 Qxh5 48.Qd3 Qe5 49.Bc3 Qe4 50.Qd2 Bc6
51.Re2 Qxa4 52.Qd3 Bb5 0-1

[Event "IV Obert Internacional d'Escacs "Ciutat de Sabadel
[Site "Sabadell (Spain)"]
[Date "2011.08.10"]
[Round "1"]
[Board "1"]
[White "Alarcon Casellas, Rolando"]
[Black "Muriel Rojas, Francisco"]
[Result "1-0"]
[WhiteElo "2453"]
[BlackElo "2068"]
[PlyCount "115"]
[EventDate "2011.08.10"]
[EventRounds "9"]
[EventCountry "ESP"]

1.e4 c5 2.Nf3 Nc6 3.Bb5 g6 4.O-O Bg7 5.Re1 Nf6 6.c3 O-O 7.d4 cxd4 8.cxd4 d5 9.e5
Ne4 10.Bxc6 bxc6 11.Nbd2 Nxd2 12.Bxd2 Qb6 13.Qa4 Bg4 14.Ba5 Qb5 15.Qxb5 cxb5
16.Nd2 Rac8 17.a4 Rc2 18.h3 Bd7 19.Nb3 bxa4 20.Nc5 Bb5 21.Bc3 Bh6 22.Red1 Rc8
23.Nxa4 e6 24.Nc5 Rc7 25.Ra5 Be8 26.Nd3 Rb7 27.Rda1 Bd2 28.R5a3 Bxc3 29.bxc3 Rd2
30.Nb4 Bb5 31.Rxa7 Rd1+ 32.Kh2 Rxa7 33.Rxa7 Rc1 34.Rc7 Bc4 35.Nc6 Rxc3 36.Nd8
Rc2 37.Rxf7 Ba6 38.Kg3 Rc8 39.Rd7 Rc3+ 40.f3 Bc8 41.Re7 Kf8 42.Rxh7 Ke8 43.Nf7
Kf8 44.Nd6 Ba6 45.Rf7+ Kg8 46.Ra7 Bf1 47.Kf2 Bd3 48.Ne8 Bc2 49.Nf6+ Kf8 50.Nh7+
Ke8 51.Ng5 Rc6 52.g4 Rb6 53.h4 Bb1 54.h5 gxh5 55.gxh5 Bf5 56.h6 Rb2+ 57.Kg3 Rb1
58.h7 1-0

[Event "IV Obert Internacional d'Escacs "Ciutat de Sabadel
[Site "Sabadell (Spain)"]
[Date "2011.08.11"]
[Round "2"]
[Board "1"]
[White "Camacho Collados, Marcos"]
[Black "Iturrizaga, Eduardo"]
[Result "0-1"]
[WhiteElo "2404"]
[BlackElo "2603"]
[PlyCount "122"]
[EventDate "2011.08.10"]
[EventRounds "9"]
[EventCountry "ESP"]

1.e4 c5 2.Nf3 g6 3.d4 Bg7 4.dxc5 Qa5+ 5.c3 Qxc5 6.Be3 Qc7 7.Bd3 Nf6 8.h3 Nc6
9.O-O d5 10.Nbd2 O-O 11.Bg5 Be6 12.Qe2 Rad8 13.Rfe1 Nd7 14.Qe3 Qb6 15.Nb3 Qxe3
16.Rxe3 f6 17.Bf4 Bf7 18.Ree1 e5 19.Be3 f5 20.exd5 Bxd5 21.Bb5 f4 22.Bc5 Rf5
23.Ba3 a6 24.Bd3 Rh5 25.Nbd2 Nf6 26.Bc2 Re8 27.Ne4 Nxe4 28.Bxe4 Bxe4 29.Rxe4 Rd8
30.b3 Rf5 31.Bb2 g5 32.c4 h5 33.Rae1 Re8 34.Nh2 Rf7 35.Nf3 Bf6 36.g4 fxg3
37.fxg3 Rd7 38.Kg2 Red8 39.Bc1 Rg7 40.g4 Kh7 41.gxh5 Nb4 42.Kg3 Nd3 43.Rf1 Be7
44.Rg4 Nf4 45.Re1 Bf6 46.Bxf4 gxf4+ 47.Kf2 Re7 48.Rg6 Rd6 49.Kf1 e4 50.Ng5+ Bxg5
51.Rxd6 f3 52.Rd5 Kh6 53.h4 Bxh4 54.Re3 Bg5 55.Kf2 Bxe3+ 56.Kxe3 Rf7 57.Rd1 Kxh5
58.Rf1 Kg4 59.Rg1+ Kh3 60.c5 f2 61.Rf1 Kg2 0-1

[Event "IV Obert Internacional d'Escacs "Ciutat de Sabadel
[Site "Sabadell (Spain)"]
[Date "2011.08.11"]
[Round "2"]
[Board "1"]
[White "Cordova, Emilio"]
[Black "Perpinya Rofes, Lluis Maria"]
[Result "1-0"]
[WhiteElo "2567"]
[BlackElo "2395"]
[PlyCount "73"]
[EventDate "2011.08.10"]
[EventRounds "9"]
[EventCountry "ESP"]

1.d4 Nf6 2.c4 g6 3.g3 Bg7 4.Bg2 d5 5.cxd5 Nxd5 6.e4 Nb6 7.Ne2 c5 8.d5 e6 9.O-O
exd5 10.exd5 O-O 11.Nec3 Nc4 12.Nd2 Ne5 13.Nde4 Bg4 14.f3 Bf5 15.Nxc5 Qb6
16.N3a4 Qb5 17.f4 Nbd7 18.Ne4 Bg4 19.Qc2 Rac8 20.Nac3 Qd3 21.Qxd3 Nxd3 22.h3 Bf5
23.Nd6 Bxc3 24.bxc3 Rxc3 25.g4 Nxc1 26.Raxc1 Rxc1 27.Rxc1 Bd3 28.Nxb7 Nb6 29.d6
Bb5 30.Rc5 a6 31.Bc6 Rb8 32.Bxb5 axb5 33.Rxb5 Rxb7 34.a4 Kf8 35.a5 Ke8 36.Rxb6
Ra7 37.a6 1-0

[Event "IV Obert Internacional d'Escacs "Ciutat de Sabadel
[Site "Sabadell (Spain)"]
[Date "2011.08.11"]
[Round "2"]
[Board "1"]
[White "Gonzalez Vidal, Yuri"]
[Black "Vega Gutierrez, Sabrina"]
[Result "1/2-1/2"]
[WhiteElo "2503"]
[BlackElo "2285"]
[PlyCount "138"]
[EventDate "2011.08.10"]
[EventRounds "9"]
[EventCountry "ESP"]

1.e4 c5 2.Nf3 Nc6 3.Bb5 e6 4.O-O Nge7 5.c3 a6 6.Ba4 b5 7.Bc2 Bb7 8.d4 cxd4
9.Nxd4 Ng6 10.a4 b4 11.Nxc6 Bxc6 12.cxb4 Qb8 13.Ra3 Bxb4 14.Rh3 Bd6 15.Na3 Bf4
16.Bxf4 Qxf4 17.Nc4 O-O 18.Nd6 Rab8 19.b3 Rb4 20.Qh5 h6 21.Qc5 Rfb8 22.Rd1 Qg5
23.Qxg5 hxg5 24.Rc3 f6 25.f3 Nf4 26.Kf2 e5 27.Nf5 Kf8 28.Rd6 Kf7 29.Rdxc6 dxc6
30.Rxc6 g6 31.Nd6+ Ke7 32.Nc4 Ne6 33.Ne3 Kf7 34.Rxa6 Nc5 35.Rc6 Nxb3 36.Nd5 Rxa4
37.Kg3 Ra2 38.Rc7+ Ke6 39.Bxb3 Rxb3 40.Rc6+ Kd7 41.Rxf6 Rbb2 42.Ne3 Re2 43.Ng4
Rxg2+ 44.Kh3 Rge2 45.Rxg6 Ra3 46.Nxe5+ Ke8 47.Kg3 Ke7 48.Kg4 Rxh2 49.Kf5 Rf2
50.Rxg5 Rfxf3+ 51.Nxf3 Rxf3+ 52.Ke5 Kf8 53.Ke6 Ra3 54.Rd5 Ra6+ 55.Rd6 Ra4
56.Rd8+ Kg7 57.e5 Re4 58.Re8 Re2 59.Kd7 Ra2 60.Rd8 Ra7+ 61.Ke6 Ra6+ 62.Ke7 Ra5
63.e6 Ra7+ 64.Kd6 Ra6+ 65.Ke5 Ra5+ 66.Rd5 Ra1 67.Rd7+ Kf8 68.Rd8+ Ke7 69.Rd7+
Ke8 1/2-1/2

[Event "IV Obert Internacional d'Escacs "Ciutat de Sabadel
[Site "Sabadell (Spain)"]
[Date "2011.08.11"]
[Round "2"]
[Board "1"]
[White "Martinez Ramirez, Erik"]
[Black "Delgado Ramos, Hector"]
[Result "0-1"]
[WhiteElo "2257"]
[BlackElo "2488"]
[PlyCount "144"]
[EventDate "2011.08.10"]
[EventRounds "9"]
[EventCountry "ESP"]

1.e4 d6 2.d4 Nf6 3.Nc3 g6 4.f4 Bg7 5.Nf3 Nc6 6.Bd3 Bg4 7.Be3 e5 8.dxe5 dxe5 9.h3
exf4 10.Bxf4 Bxf3 11.Qxf3 Nh5 12.Bb5 O-O 13.Bxc6 bxc6 14.O-O Nxf4 15.Qxf4 Qe7
16.Kh1 Rab8 17.Rab1 Rb4 18.Qf3 Be5 19.a3 Rb7 20.Nd1 h5 21.c3 Bd6 22.Nf2 Qe5
23.g3 Qxg3 24.Qxg3 Bxg3 25.Nd3 Rbb8 26.Nb4 Rb6 27.Nd3 Re8 28.Rf3 h4 29.Nc5 Re7
30.b4 Bd6 31.Rd1 Bxc5 32.bxc5 Rb3 33.a4 Rxe4 34.Rd7 Re1+ 35.Kg2 Rb2+ 36.Rf2
Rxf2+ 37.Kxf2 Re5 38.Rxc7 Rxc5 39.Rxa7 Rxc3 40.Kg2 Rg3+ 41.Kh2 Ra3 42.Kg2 c5
43.a5 Kg7 44.a6 c4 45.Rc7 Rxa6 46.Rxc4 g5 47.Rc2 Kg6 48.Rb2 f5 49.Kf3 Kh5 50.Rb5
Ra2 51.Rxf5 Rh2 52.Ra5 Rxh3+ 53.Kg2 Rb3 54.Ra2 h3+ 55.Kh2 Kh4 56.Ra4+ g4 57.Rc4
Rb2+ 58.Kg1 Re2 59.Ra4 Kg3 60.Ra3+ Kf4 61.Ra8 Kf3 62.Rf8+ Kg3 63.Rf1 Rg2+ 64.Kh1
Rd2 65.Kg1 Kh4 66.Rf4 Kg5 67.Rf8 g3 68.Rg8+ Kf4 69.Rf8+ Ke5 70.Re8+ Kf6 71.Rf8+
Ke7 72.Rf1 h2+ 0-1

[Event "IV Obert Internacional d'Escacs "Ciutat de Sabadel
[Site "Sabadell (Spain)"]
[Date "2011.08.11"]
[Round "2"]
[Board "1"]
[White "Jimenez Fraga, Pedro Alejandro"]
[Black "Bru Rullo, Llatzer"]
[Result "1-0"]
[WhiteElo "2464"]
[BlackElo "1971"]
[PlyCount "56"]
[EventDate "2011.08.10"]
[EventRounds "9"]
[EventCountry "ESP"]

1.e4 e5 2.Nf3 Nc6 3.Bc4 Bc5 4.c3 Nf6 5.d3 a6 6.O-O d6 7.Bb3 O-O 8.Bg5 Qe8 9.Bxf6
gxf6 10.Nh4 Kh8 11.Qh5 Ne7 12.Qf3 Ng8 13.Nd2 Be6 14.Nc4 Qe7 15.Ne3 Rfe8 16.Nef5
Qf8 17.Qh5 Ne7 18.Bxe6 fxe6 19.Nxe7 Kg7 20.Qg4+ Kf7 21.Nef5 exf5 22.Nxf5 Qh8
23.Qh5+ Ke6 24.Kh1 Kd7 25.Qf7+ Kc8 26.Ne7+ Kb8 27.Nd5 Rc8 28.Nxf6 Ka7 1-0

[Event "IV Obert Internacional d'Escacs "Ciutat de Sabadel
[Site "Sabadell (Spain)"]
[Date "2011.08.11"]
[Round "2"]
[Board "1"]
[White "Cucurull Llobet, Bartolome"]
[Black "Alarcon Casellas, Rolando"]
[Result "0-1"]
[WhiteElo "1971"]
[BlackElo "2453"]
[PlyCount "40"]
[EventDate "2011.08.10"]
[EventRounds "9"]
[EventCountry "ESP"]

1.e4 c5 2.d4 cxd4 3.c3 dxc3 4.Nxc3 Nc6 5.Nf3 e6 6.Bc4 a6 7.O-O Qc7 8.Qe2 Bc5
9.e5 d5 10.exd6 Bxd6 11.Nd5 Qd8 12.Rd1 Nge7 13.Bf4 Bxf4 14.Nxf4 Qc7 15.Nh5 O-O
16.Rac1 Ng6 17.Rd2 b5 18.Bxb5 axb5 19.Rdc2 Bb7 20.Qe4 Rac8 0-1

[Event "IV Obert Internacional d'Escacs "Ciutat de Sabadel
[Site "Sabadell (Spain)"]
[Date "2011.08.12"]
[Round "3"]
[Board "1"]
[White "Iturrizaga, Eduardo"]
[Black "Jimenez Fraga, Pedro Alejandro"]
[Result "1-0"]
[WhiteElo "2603"]
[BlackElo "2464"]
[PlyCount "76"]
[EventDate "2011.08.10"]
[EventRounds "9"]
[EventCountry "ESP"]

1.c4 Nf6 2.Nc3 g6 3.Nf3 Bg7 4.g3 O-O 5.Bg2 d6 6.d4 Nbd7 7.O-O e5 8.e4 a6 9.b3
exd4 10.Nxd4 Re8 11.Be3 Ne5 12.Rc1 Rb8 13.Rc2 Bd7 14.a4 Nc6 15.f3 Qc8 16.Re1 Bh3
17.Bh1 Nd7 18.Nd5 Be6 19.Rd2 Bxd5 20.cxd5 Nxd4 21.Bxd4 Bxd4+ 22.Rxd4 a5 23.f4
Nc5 24.Bf3 Re7 25.e5 Qe8 26.e6 b5 27.f5 f6 28.fxg6 hxg6 29.Be2 bxa4 30.bxa4 Kg7
31.Bb5 Rxb5 32.axb5 Qxb5 33.Rf1 Qb6 34.Kh1 c6 35.Rdf4 cxd5 36.Qd4 Rxe6 37.Rxf6
Re4 38.Rf7+ Kg8 1-0

[Event "IV Obert Internacional d'Escacs "Ciutat de Sabadel
[Site "Sabadell (Spain)"]
[Date "2011.08.12"]
[Round "3"]
[Board "1"]
[White "Alarcon Casellas, Rolando"]
[Black "Almeida Quintana, Omar"]
[Result "1/2-1/2"]
[WhiteElo "2453"]
[BlackElo "2548"]
[PlyCount "84"]
[EventDate "2011.08.10"]
[EventRounds "9"]
[EventCountry "ESP"]

1.e4 g6 2.d4 Bg7 3.Nf3 d6 4.Nc3 a6 5.Be3 b5 6.Qd2 Bb7 7.Bd3 Nd7 8.a4 b4 9.Ne2 c5
10.c3 bxc3 11.bxc3 Ngf6 12.Ng3 Ng4 13.Bf4 e5 14.Bg5 Qa5 15.h3 h6 16.c4 Qc7
17.hxg4 hxg5 18.Rxh8+ Bxh8 19.d5 f6 20.Ke2 Bg7 21.Rb1 Bc8 22.Nf1 Rb8 23.Rxb8
Nxb8 24.Ne3 a5 25.Ne1 Bd7 26.Bc2 Na6 27.Nd3 Nb4 28.f3 Kf7 29.Nd1 Qc8 30.Nc3 Qh8
31.Nf2 Qh2 32.Kf1 Bh6 33.Nb5 Ke7 34.Bb1 Bf8 35.Bc2 Bc8 36.Bd1 Kd7 37.Bb3 Be7
38.Nc3 Kc7 39.Na2 Ba6 40.Nc1 Bd8 41.Ne2 Qh7 42.Kg1 Kc8 1/2-1/2

[Event "IV Obert Internacional d'Escacs "Ciutat de Sabadel
[Site "Sabadell (Spain)"]
[Date "2011.08.12"]
[Round "3"]
[Board "1"]
[White "Delgado Ramos, Hector"]
[Black "Perez Mitjans, Orelvis"]
[Result "0-1"]
[WhiteElo "2488"]
[BlackElo "2452"]
[PlyCount "88"]
[EventDate "2011.08.10"]
[EventRounds "9"]
[EventCountry "ESP"]

1.d4 Nf6 2.c4 c5 3.d5 b5 4.Nd2 Qa5 5.Qc2 d6 6.e4 g6 7.Ngf3 Bg7 8.Be2 O-O 9.O-O
a6 10.a3 Nbd7 11.Rb1 b4 12.axb4 cxb4 13.Nd4 Bb7 14.N2b3 Qc7 15.Be3 Rfc8 16.Ra1
a5 17.Ra4 Nb6 18.Nb5 Qd7 19.Bxb6 Qxb5 20.cxb5 Rxc2 21.Bd1 Rxb2 22.Nxa5 b3 23.Rb4
Nd7 24.Nc4 Nxb6 25.Nxb6 Ra1 26.Ra4 Rxa4 27.Nxa4 Rb1 28.Be2 Rxf1+ 29.Kxf1 Bd4
30.Bd3 Kg7 31.Ke2 f5 32.f3 Kf6 33.Kd2 fxe4 34.fxe4 Ke5 35.b6 Bc8 36.Bb1 h5
37.Bd3 g5 38.Bc4 b2 39.Bd3 Kf4 40.Kc2 Ke3 41.Bb5 Kxe4 42.Bc6 Ba6 43.Nxb2 Bxb6
44.Kd2 Ba5+ 0-1

[Event "IV Obert Internacional d'Escacs "Ciutat de Sabadel
[Site "Sabadell (Spain)"]
[Date "2011.08.12"]
[Round "3"]
[Board "1"]
[White "Narciso Dublan, Marc"]
[Black "Pozanco Romasanta, Marc"]
[Result "1-0"]
[WhiteElo "2544"]
[BlackElo "1916"]
[PlyCount "63"]
[EventDate "2011.08.10"]
[EventRounds "9"]
[EventCountry "ESP"]

1.c4 c5 2.g3 Nc6 3.Bg2 g6 4.Nc3 Bg7 5.Nf3 d6 6.O-O e5 7.a3 Nge7 8.b4 Rb8 9.Rb1
O-O 10.d3 Be6 11.Ng5 Qd7 12.Nxe6 Qxe6 13.Qa4 Qd7 14.Bg5 f6 15.Be3 b6 16.Nd5 b5
17.cxb5 Nd4 18.bxc5 dxc5 19.Bxd4 cxd4 20.Qc4 Kh8 21.Qc7 Rfd8 22.Qxd7 Rxd7
23.Nxe7 Rxe7 24.a4 Bh6 25.a5 Re6 26.Rb2 Bf8 27.Rfb1 Bc5 28.Rc2 Bf8 29.Rc6 Rxc6
30.Bxc6 Bc5 31.b6 axb6 32.Rb5 1-0

[Event "IV Obert Internacional d'Escacs "Ciutat de Sabadel
[Site "Sabadell (Spain)"]
[Date "2011.08.12"]
[Round "3"]
[Board "1"]
[White "Randazzo, Adrian"]
[Black "Gonzalez Vidal, Yuri"]
[Result "0-1"]
[WhiteElo "2226"]
[BlackElo "2503"]
[PlyCount "70"]
[EventDate "2011.08.10"]
[EventRounds "9"]
[EventCountry "ESP"]

1.e4 c6 2.d4 d5 3.Nc3 dxe4 4.Nxe4 Nd7 5.Ng5 Ngf6 6.Bd3 e6 7.Qe2 Bd6 8.N1f3 h6
9.Ne4 Nxe4 10.Qxe4 Qc7 11.Bd2 b6 12.O-O-O Bb7 13.Qe2 O-O-O 14.Ba6 Rhe8 15.Bc3
Nf6 16.Ne5 Nd5 17.Bd2 c5 18.Bxb7+ Kxb7 19.Nf3 c4 20.c3 b5 21.Kb1 a5 22.g3 Ka7
23.Ne5 Rb8 24.Ka1 Rec8 25.Rc1 b4 26.cxb4 Bxe5 27.dxe5 axb4 28.Qg4 Ra8 29.Rc2 b3
30.Rcc1 Kb7 31.a3 Rxa3+ 32.bxa3 Qc5 33.Kb2 Ra8 34.Ra1 c3+ 35.Kb1 Rxa3 0-1

[Event "IV Obert Internacional d'Escacs "Ciutat de Sabadel
[Site "Sabadell (Spain)"]
[Date "2011.08.12"]
[Round "3"]
[Board "1"]
[White "Vega Gutierrez, Sabrina"]
[Black "Munoz Pantoja, Miguel"]
[Result "1/2-1/2"]
[WhiteElo "2285"]
[BlackElo "2482"]
[PlyCount "109"]
[EventDate "2011.08.10"]
[EventRounds "9"]
[EventCountry "ESP"]

1.e4 c5 2.Nf3 Nc6 3.d4 cxd4 4.Nxd4 Nf6 5.Nc3 e5 6.Ndb5 d6 7.Bg5 a6 8.Na3 b5
9.Nd5 Be7 10.Bxf6 Bxf6 11.c4 b4 12.Nc2 Rb8 13.b3 O-O 14.g3 g6 15.Nxf6+ Qxf6
16.Bg2 h5 17.h4 Rd8 18.O-O Be6 19.Qd3 a5 20.Ne3 Qe7 21.Kh2 a4 22.bxa4 Ra8 23.a3
Rxa4 24.axb4 Rxb4 25.Nd5 Bxd5 26.cxd5 Nd4 27.Rfb1 Rxb1 28.Rxb1 Qf6 29.Rb2 Ra8
30.Qc3 Kg7 31.Qe3 Ra1 32.Qc3 Rd1 33.Qc8 Nf3+ 34.Kh3 g5 35.hxg5 Nxg5+ 36.Kh2 h4
37.Qg4 hxg3+ 38.Kxg3 Rd3+ 39.f3 Qg6 40.Kf2 Ra3 41.Ke2 Qf6 42.Rb8 Ra2+ 43.Kf1
Ra1+ 44.Ke2 Rg1 45.Kf2 Rc1 46.Qh4 Nh7 47.Qxf6+ Kxf6 48.Rb6 Ke7 49.Rb7+ Kf6
50.Rd7 Rc2+ 51.Kg3 Kg6 52.Bh3 Nf6 53.Rxd6 Kg5 54.Rxf6 Kxf6 55.d6 1/2-1/2

[Event "IV Obert Internacional d'Escacs "Ciutat de Sabadel
[Site "Sabadell (Spain)"]
[Date "2011.08.12"]
[Round "3"]
[Board "1"]
[White "Alonso Moyano, Jonathan"]
[Black "Soumya, Swaminathan"]
[Result "1-0"]
[WhiteElo "2426"]
[BlackElo "2338"]
[PlyCount "105"]
[EventDate "2011.08.10"]
[EventRounds "9"]
[EventCountry "ESP"]

1.e4 c5 2.Nf3 d6 3.d4 cxd4 4.Nxd4 Nf6 5.Nc3 a6 6.Bg5 e6 7.Qf3 Nbd7 8.O-O-O Qc7
9.Qg3 h6 10.Bxf6 Nxf6 11.f4 g5 12.Be2 Be7 13.f5 e5 14.Nb3 b5 15.Rhf1 Bb7 16.Qd3
Rc8 17.Kb1 Kf8 18.Nd5 Bxd5 19.exd5 Kg7 20.Rc1 Qc4 21.Rfd1 Qxd3 22.Rxd3 Bd8
23.Rdd1 Bb6 24.c4 bxc4 25.Bxc4 a5 26.a4 Ng4 27.Ba6 Ra8 28.Bb5 Ne3 29.Rd2 Rab8
30.Rc6 Rhd8 31.Rxb6 Rxb6 32.Nxa5 Nxf5 33.Nc6 Ra8 34.b4 Kf8 35.Kb2 Ne7 36.Kb3 f5
37.Nxe7 Kxe7 38.Bc6 Ra7 39.b5 e4 40.Kb4 e3 41.Re2 f4 42.a5 Rb8 43.b6 Kd8 44.Kb5
Re7 45.a6 g4 46.Ra2 e2 47.a7 Ra8 48.Rxe2 Rxe2 49.Bxa8 Rb2+ 50.Kc6 f3 51.b7 Rc2+
52.Kxd6 fxg2 53.b8=Q+ 1-0

[Event "IV Obert Internacional d'Escacs "Ciutat de Sabadel
[Site "Sabadell (Spain)"]
[Date "2011.08.12"]
[Round "3"]
[Board "1"]
[White "Muriel Rojas, Francisco"]
[Black "Moskalenko, Viktor"]
[Result "0-1"]
[WhiteElo "2068"]
[BlackElo "2591"]
[PlyCount "56"]
[EventDate "2011.08.10"]
[EventRounds "9"]
[EventCountry "ESP"]

1.e4 c5 2.Nf3 Nc6 3.d4 cxd4 4.Nxd4 e5 5.Nb5 d6 6.N1c3 a6 7.Na3 Nf6 8.Bg5 b5
9.Nd5 Be7 10.Bxf6 Bxf6 11.c3 O-O 12.Nc2 Bg5 13.a4 bxa4 14.Rxa4 g6 15.Qa1 a5
16.Bb5 Bb7 17.O-O Ne7 18.Nce3 f5 19.Bc4 Kh8 20.Nxe7 Bxe3 21.Nd5 Bc5 22.exf5 gxf5
23.Qd1 Qg5 24.Qf3 Rg8 25.g3 f4 26.Kg2 Raf8 27.h4 Qh6 28.Qe4 fxg3 0-1

[Event "IV Obert Internacional d'Escacs "Ciutat de Sabadel
[Site "Sabadell (Spain)"]
[Date "2011.08.14"]
[Round "4"]
[Board "1"]
[White "Cordova, Emilio"]
[Black "Iturrizaga, Eduardo"]
[Result "1/2-1/2"]
[WhiteElo "2567"]
[BlackElo "2603"]
[PlyCount "25"]
[EventDate "2011.08.10"]
[EventRounds "9"]
[EventCountry "ESP"]

1.d4 Nf6 2.c4 e6 3.Nf3 c5 4.e3 d5 5.a3 dxc4 6.Bxc4 a6 7.a4 Nc6 8.O-O Be7 9.Qe2
cxd4 10.Rd1 e5 11.exd4 exd4 12.Nbd2 O-O 13.h3 1/2-1/2

[Event "IV Obert Internacional d'Escacs "Ciutat de Sabadel
[Site "Sabadell (Spain)"]
[Date "2011.08.14"]
[Round "4"]
[Board "1"]
[White "Perez Mitjans, Orelvis"]
[Black "Narciso Dublan, Marc"]
[Result "1-0"]
[WhiteElo "2452"]
[BlackElo "2544"]
[PlyCount "93"]
[EventDate "2011.08.10"]
[EventRounds "9"]
[EventCountry "ESP"]

1.e4 e5 2.Nc3 Nc6 3.g3 Bc5 4.Bg2 a6 5.d3 d6 6.Nd5 Nce7 7.Ne2 Nxd5 8.exd5 Ne7
9.d4 exd4 10.Nxd4 O-O 11.O-O Nf5 12.Nb3 Ba7 13.Qd3 Qf6 14.Bd2 Qxb2 15.Bc3 Qa3
16.Be4 g6 17.Bf6 h5 18.Qd2 Kh7 19.Qg5 Qa4 20.Rae1 Nh6 21.Bb2 Bf5 22.Qf6 Rg8
23.Nd2 Qd7 24.Nf3 Ng4 25.Ng5+ Kh6 26.Nxf7+ Kh7 27.Ng5+ Kh6 28.Bxf5 Qxf5 29.Qf7
Kxg5 30.Bc1+ Ne3 31.Rxe3 Qxf7 32.Rf3+ Kg4 33.Rxf7 Rgf8 34.Rxc7 Rac8 35.Rxb7 Bc5
36.Kg2 Rce8 37.Bh6 Rh8 38.Bg7 h4 39.h3+ Kf5 40.Bxh8 Rxh8 41.Re7 Rb8 42.Rfe1 hxg3
43.fxg3 Kg5 44.h4+ Kh6 45.g4 Rb2 46.g5+ Kh5 47.Kh3 1-0

[Event "IV Obert Internacional d'Escacs "Ciutat de Sabadel
[Site "Sabadell (Spain)"]
[Date "2011.08.14"]
[Round "4"]
[Board "1"]
[White "Almeida Quintana, Omar"]
[Black "Alonso Moyano, Jonathan"]
[Result "1-0"]
[WhiteElo "2548"]
[BlackElo "2426"]
[PlyCount "69"]
[EventDate "2011.08.10"]
[EventRounds "9"]
[EventCountry "ESP"]

1.d4 d5 2.Nf3 Nf6 3.c4 c6 4.Nc3 dxc4 5.a4 Bf5 6.Nh4 e6 7.Nxf5 exf5 8.e3 Bd6
9.Bxc4 O-O 10.h3 Qe7 11.Qf3 g6 12.g4 f4 13.O-O fxe3 14.Bxe3 Kg7 15.Rfe1 Qd8
16.g5 Nh5 17.d5 c5 18.Ne4 Qc7 19.b4 b6 20.bxc5 bxc5 21.Nxd6 Qxd6 22.Bc1 Nd7
23.Bb2+ Kg8 24.Qc3 f6 25.gxf6 Ndxf6 26.Re6 Qf4 27.d6 Kg7 28.Re7+ Kh8 29.d7 Ng7
30.Rd1 Rad8 31.Rd3 Qg5+ 32.Rg3 Qf4 33.Rf3 Qd4 34.Qxd4 cxd4 35.Rxf6 1-0

[Event "IV Obert Internacional d'Escacs "Ciutat de Sabadel
[Site "Sabadell (Spain)"]
[Date "2011.08.14"]
[Round "4"]
[Board "1"]
[White "Gonzalez Vidal, Yuri"]
[Black "Alarcon Casellas, Rolando"]
[Result "1/2-1/2"]
[WhiteElo "2503"]
[BlackElo "2453"]
[PlyCount "69"]
[EventDate "2011.08.10"]
[EventRounds "9"]
[EventCountry "ESP"]

1.c4 Nf6 2.d4 c6 3.Nf3 d5 4.e3 e6 5.b3 Nbd7 6.Bb2 Bb4+ 7.Nbd2 Qe7 8.a3 Ba5 9.Bd3
dxc4 10.Bxc4 Bc7 11.Ne5 Nxe5 12.dxe5 Nd7 13.f4 f6 14.Qh5+ g6 15.exf6 Nxf6 16.Qg5
e5 17.O-O Ng4 18.Qxe7+ Kxe7 19.fxe5 Bxe5 20.Rf7+ Ke8 21.Ne4 Bxh2+ 22.Kh1 Rf8
23.Rxh7 Bf5 24.Nc5 b6 25.Ne6 Be5 26.Ng7+ Bxg7 27.Bxg7 Nf6 28.Bxf6 Rxf6 29.Rf1 b5
30.Be2 Rf8 31.Rd1 Rf7 32.Rh8+ Rf8 33.Rh7 Rf7 34.Rh8+ Rf8 35.Rh7 1/2-1/2